000 00283nam a2200121 a 4500
008 101022s1978|||| d
100 1 _aLeonov, Leonid
245 1 0 _aProfesor Skutarevskij
260 _bTatran
_aBratislava
_c1978
020 _c28,75
041 _aslo
044 _axo
_cSK
999 _c12031
_d12031